Pays des émissions Koh-Lanta - Mort Subite - Statistiques

Statistiques générales
  • Ce quiz a été pris 95 fois
  • Le résultat moyen est 8 sur 14
Answers on the Grid
Answers color-coded by a green-red scale on the quiz's grid according to % correct below.
Fidji
Thaïlande
Philippines
Vietnam
Indonésie
Vanuatu
Costa Rica
Brésil
Panama
Nouvelle Calédonie
Polynésie Française
Malaisie
Cambodge
Palaos
Australie
Taiwan
Birmanie
États-Unis
Argentine
Colombie
Inde
Japon
Madagascar
Tuvalu
 
Statistiques - réponses
Réponse % Correct
Philippines
82%
Thaïlande
76%
Cambodge
75%
Fidji
71%
Polynésie Française
69%
Indonésie
67%
Malaisie
64%
Vietnam
61%
Vanuatu
60%
Palaos
58%
Nouvelle Calédonie
46%
Panama
42%
Costa Rica
40%
Brésil
21%
Aucun quiz correspondant
Distribution des résultats
% des personnes avec chaque résultat
Percentile par nombre de réponses
Votre historique - résultats
Vous n’avez pas pris ce quiz